| 000 | 00476nam a22001937a 4500 | ||
|---|---|---|---|
| 005 | 20260511120441.0 | ||
| 008 | 260511b |||||||| |||| 00| 0 eng d | ||
| 020 |
_a9789386310682 _c395.00 |
||
| 040 | _aMAIN | ||
| 041 | _aEnglish | ||
| 082 |
_a576.5 _bKAT |
||
| 100 |
_aKatira, Versha _926767 |
||
| 245 | _aBasics of Human Genetics | ||
| 250 | _a2nd | ||
| 260 |
_aNew Delhi _bCBS _c2025 |
||
| 300 | _a209 | ||
| 650 |
_aEnvironment Science (PM USHA) _926725 |
||
| 942 | _cBK | ||
| 999 |
_c60750 _d60750 |
||